| 000 | 00835cab a2200241 4500 | ||
|---|---|---|---|
| 001 | ABS56217 | ||
| 008 | 090401t1996 xxu||||| |||| 00| 0 eng d | ||
| 035 | _a(Sirsi) u21983 | ||
| 041 | _aeng | ||
| 100 | _aDew, K. | ||
| 245 | _aCaveat surveyor | ||
| 260 | _c1996 | ||
| 350 | _a0 | ||
| 490 |
_aCSM (Chartered Surveyor Monthly) _v6(3) November/December 1996, 42(1) |
||
| 520 | _aConsiders the requirement for RICS members to hold professional indemnity insurance, including level of cover and benefits. Particularly looks at insurance implications of the CDM Regulations. | ||
| 650 | _aCONSTRUCTION (DESIGN AND MANAGEMENT) REGULATIONS 1994 | ||
| 650 | _aPROFESSIONAL INDEMNITY INSURANCE | ||
| 650 | _aPROFESSIONAL INDEMNITY INSURANCE | ||
| 650 | _aRICS | ||
| 690 |
_aInsurance _96249 |
||
| 942 | _n0 | ||
| 948 | _c04/03/1997 | ||
| 999 |
_c14726 _d14726 |
||